00312nam a2200109Ia 4500008004100000020001800041082001500059100001900074245008200093260001800175500000900193260604s9999 xx 000 0 und d a9780143439943 a823.92 KHA aVikrant khanna 0aThe Girl Who Knew Too Much: What if the Loved One You Lost Were to Come Back? bPENGUIN BOOKS aGirl